00923nam a2200229 a 450000100100000000500170001000800410002704000250006808200200009310000410011324501220015426000380027630000280031450000670034265000300040965000310043970000320047070000470050204900090054995201180055899900170067600001330920260303133932.0091123s1995 dr 000 h spa d aDO-SdBNPbspacBNPHU aRD867.44bH532q1 aHerasme A., Rafael L.,d1960-91994710aQuino Cabo Lola y Machón Cojón /cRafael L. Herasme A., Alfredo A. Carrasco ; prólogo Belarminio Díaz Díaz. aSanto Domingo :bSerigraf,c1995. a113 p. :bil. ;c21 cm. aIncluye datos biográficos de los atores en la contracubierta 0aHumorismo dominicano9275 0aLiteratura dominicana.9671 aCarrasco, Alfredo A.9305051 aDíaz Díaz, Belarminio,epról.930506 aBNPD 0010718PDaPDbPDcCTd2009-11-23iLF1l0oRD867.44 H532qp13309-10r2020-06-25w2020-06-25yLFPDZNo se presta c12939d12939